000 00381nam a2200145Ia 4500
008 210210b1961 xxu||||| |||| 00| 0 eng d
082 _a808.042 BROM
100 _aBROOKS (Cleanth) & WARREN (Robert Penn).
245 _aModern rhetoric.
260 _aN Y
_bHarcourt Brace & World
_c1961
300 _avii,376
650 _aRhetoric English
690 _aRhetoric
906 _a031981
999 _c83008
_d83008